| 000 | 00937nab a22002417a 4500 | ||
|---|---|---|---|
| 005 | 20250214092713.0 | ||
| 006 | a|||||r|||| 00| 0 | ||
| 007 | c| aa aaaaa | ||
| 008 | 250212b2015 ag |||||o|||| 00| 0 spa d | ||
| 040 |
_aAR-EsCIE _cAR-EsCIE |
||
| 100 | 1 |
_aLoguercio, Gabriel A. _q(Gabriel Angel), _d1962- _947 |
|
| 245 | 1 | 3 |
_aLa calidad de sitio / _bGabriel A. Loguercio, María Cristina Frugoni. |
| 300 | _ap. 141-164. | ||
| 650 | 4 |
_aCALIDAD DE SITIO _9440 |
|
| 650 | 4 |
_aSUELO FORESTAL _99 |
|
| 650 | 4 |
_aSUELO VOLCANICO _9441 |
|
| 650 | 0 |
_aPLANTACION FORESTAL _9123 |
|
| 700 | 1 |
_aFrugoni, María Cristina _9431 |
|
| 773 |
_gCap. 7 p. 141-164. _tBuenas prácticas para el manejo de plantaciones forestales en el noroeste de la Patagonia. |
||
| 856 | _uhttps://www.magyp.gob.ar/sitio/areas/desarrollo-foresto-industrial/buenas_practicas/_archivos//000001_Noroeste%20de%20la%20Patagonia.pdf | ||
| 910 | _aPG20250212 | ||
| 942 |
_2ddc _cCF _n0 |
||
| 999 |
_c224 _d224 |
||